| 000 | 00681cab a22001935a 4500 | ||
|---|---|---|---|
| 001 | L152291 | ||
| 008 | 110218s2011 xxka f 000 0 eng d | ||
| 035 | _a(Sirsi) u152291 | ||
| 041 | 0 | _aeng | |
| 100 | 1 | _aHallam, Chris | |
| 245 | 0 | 0 |
_aNEC _beasy as 1-2-3? |
| 260 | _c2011 | ||
| 490 |
_aCivil Engineering Surveyor _vFebruary 2011, 32-34(3) |
||
| 520 | _aThe NEC form of contract is unique among industry standard forms in its simplicity; it is less wordier than the JCT or FIDIC suites, for example, but does this produce a clearer contract? | ||
| 651 | 4 |
_aUnited Kingdom _y |
|
| 690 | _aBUILT ENVIRONMENT-BUILDING CONTRACT FORMS | ||
| 700 | 1 | _aHorton, Suzanne | |
| 942 | _n0 | ||
| 999 |
_c82933 _d82933 |
||